Fr. Conceicao Rodrigues College of Engineering

Hand Book Of Applied Hydraulics (Record no. 21937)

MARC details
000 -LEADER
fixed length control field 00301nam a2200133Ia 4500
100 ## - MAIN ENTRY--PERSONAL NAME
Personal name Davis/Coulin Victor
245 ## - TITLE STATEMENT
Title Hand Book Of Applied Hydraulics
260 ## - PUBLICATION, DISTRIBUTION, ETC.
Name of publisher, distributor, etc. McGraw Hill
Place of publication, distribution, etc. New York
Date of publication, distribution, etc. 1942
300 ## - PHYSICAL DESCRIPTION
Extent 1084
546 ## - LANGUAGE NOTE
Language note ENGLISH
654 ## - SUBJECT ADDED ENTRY--FACETED TOPICAL TERMS
Focus term Applied Hydraulics
942 ## - ADDED ENTRY ELEMENTS (KOHA)
Koha item type Reference Book
Holdings
Withdrawn status Lost status Damaged status Not for loan Collection Home library Current library Shelving location Date acquired Total Checkouts Full call number Barcode Date last seen Price effective from Koha item type
        AFT Fr. Agnel's C.Rodrigues College of Engineering Fr. Agnel's C.Rodrigues College of Engineering   17/03/2023   AFT6061 17/03/2023 17/03/2023 Reference Book